Código Civil: concordancias e índice de materias elaboradas, corregidas y actualizadas.
Guardat en:
| Autor principal: | |
|---|---|
| Format: | Llibre |
| Publicat: |
Santiago, Chile:
Legal Publishing,
2009.
|
| Edició: | Novena edición. |
| Matèries: | |
| Etiquetes: |
Afegir etiqueta
Sense etiquetes, Sigues el primer a etiquetar aquest registre!
|
MARC
| LEADER | 00000cam a2200000 a 4500 | ||
|---|---|---|---|
| 001 | UCE8552 | ||
| 003 | CL-VaPUC | ||
| 005 | 20220822114821.0 | ||
| 008 | 220805t2009 ||||| |||| 00| 0 eng d | ||
| 999 | |c 438013 |d 438011 | ||
| 020 | |a 956-238-446-2 | ||
| 040 | |c Pontificia Universidad Católica de Valparaíso | ||
| 082 | 0 | 4 | |a 346.83 BAR 2009 |2 21 |
| 100 | 0 | |a Barrientos Grandón, Javier Orlando |e autor |9 581268 | |
| 245 | 1 | 0 | |a Código Civil: concordancias e índice de materias elaboradas, corregidas y actualizadas. |
| 250 | |a Novena edición. | ||
| 260 | |a Santiago, Chile: |b Legal Publishing, |c 2009. | ||
| 300 | |a 919 páginas. | ||
| 500 | |a c.1 Donación Familia Prof. Alejandro Guzmán Brito. | ||
| 583 | |a last modification |c 20160720 09:17:22 |k Catalogador Asistente | ||
| 650 | 0 | |a Código civil |9 256135 | |
| 650 | 0 | |a Derecho civil chileno |9 320612 | |
| 942 | |c BK |2 ddc |n 0 | ||
| 952 | |0 0 |1 0 |2 ddc |4 0 |6 346_830000000000000_BAR_2009 |7 1 |8 C_AGB |9 585879 |a BIBDER |b BIBDER |d 2022-08-05 |e Donación |i 5653836 |o 346.83 BAR 2009 |p 5653836 |r 2023-01-25 |t 1 |w 2022-08-05 |y BK_US |k AGB | ||